| 000 | 00000nam 2200000zi 4500 |
| 001 | 9.883412 |
| 003 | CaOODSP |
| 005 | 20240417115903 |
| 006 | m o d f |
| 007 | cr mn||||||||| |
| 008 | 200109e201912 quca o f000 0 fre d |
| 020 | |a9780660336848 |
| 040 | |aCaOODSP|bfre|erda|cCaOODSP |
| 043 | |an-cn--- |
| 045 | |ay1y1 |
| 086 | 1 |aEn4-390/2020F-PDF |
| 245 | 00|aAudit de la santé et sécurité au travail à Environnement et changement climatique Canada : |brapport final. |
| 246 | 17|aRapport final : |baudit de la santé et sécurité au travail à ECCC |
| 264 | 1|aGatineau (Québec) : |bEnvironnement et changement climatique Canada = Environment and Climate Change Canada, |cdécembre 2019. |
| 264 | 4|c©2020 |
| 300 | |a1 ressource en ligne (iii, 35 pages) : |billustrations |
| 336 | |atexte|btxt|2rdacontent/fre |
| 337 | |ainformatique|bc|2rdamedia/fre |
| 338 | |aressource en ligne|bcr|2rdacarrier/fre |
| 500 | |aPublié aussi en anglais sous le titre : Audit of occupational health and safety at Environment and Climate Change Canada : final report. |
| 500 | |aTitre de la couverture. |
| 610 | 16|aCanada. |bEnvironnement et changement climatique Canada|xAudit. |
| 650 | 6|aHygiène industrielle|zCanada|xAudit. |
| 650 | 6|aSécurité du travail|zCanada|xAudit. |
| 710 | 1 |aCanada. |bEnvironnement et changement climatique Canada. |bDirection générale de l'audit et de l'évaluation, |eorganisme de publication. |
| 775 | 08|tAudit of occupational health and safety at Environment and Climate Change Canada : |w(CaOODSP)9.883410 |
| 856 | 40|qPDF|s847 Ko|uhttps://publications.gc.ca/collections/collection_2020/eccc/En4-390-2020-fra.pdf |